[Event "RLP Seniors op 17th"]
[Site "Neustadt an der Weinstrasse"]
[Date "2019.07.27"]
[Round "8"]
[White "Schmidt Hieber, Michael"]
[Black "Niebling, Ferdinand"]
[Result "1/2-1/2"]
[WhiteElo "1722"]
[BlackElo "2006"]
[PlyCount "55"]
[EventDate "2019.07.20"]
[EventType "swiss"]
[EventRounds "9"]
[EventCountry "GER"]
[SourceTitle "CBM 192 Extra"]
[Source "Chessbase"]
[SourceDate "2019.11.06"]
[SourceVersion "1"]
[SourceVersionDate "2019.11.06"]
[SourceQuality "1"]

1. e4 e6 2. d4 d5 3. exd5 exd5 4. Bd3 c5 5. dxc5 Bxc5 6. Qe2+ Ne7 7. Be3 Bxe3 8. Qxe3 0-0 9. Ne2 Re8 10. 0-0 Nbc6 11. c3 Bf5 12. Ng3 Ng6 13. Qd2 Bxd3 14. Qxd3 Nf4 15. Qc2 Qh4 16. Nd2 Ne5 17. Rfe1 Ned3 18. Rxe8+ Rxe8 19. Nf3 Qf6 20. Rd1 Ne5 21. Nxe5 Qxe5 22. h3 h5 23. Qf5 Ne2+ 24. Kh2 h4 25. Qxe5 hxg3+ 26. Qxg3 Nxg3 27. Kxg3 Re2 28. Rb1 1/2-1/2

[Event "RLP Seniors op 17th"]
[Site "Neustadt an der Weinstrasse"]
[Date "2019.07.25"]
[Round "6"]
[White "Schmidt Hieber, Michael"]
[Black "Boehler, Karl Heinz"]
[Result "1-0"]
[WhiteElo "1722"]
[BlackElo "2038"]
[PlyCount "37"]
[EventDate "2019.07.20"]
[EventType "swiss"]
[EventRounds "9"]
[EventCountry "GER"]
[SourceTitle "CBM 192 Extra"]
[Source "Chessbase"]
[SourceDate "2019.11.06"]
[SourceVersion "1"]
[SourceVersionDate "2019.11.06"]
[SourceQuality "1"]

1. e4 c5 2. Nc3 e6 3. g3 a6 4. Bg2 Nc6 5. d3 b5 6. a3 Bb7 7. f4 Nge7 8. Nf3 d5 9. exd5 exd5 10. 0-0 d4 11. Ne4 Qd5 12. Nfg5 0-0-0 13. Nf2 Qd7 14. Nxf7 Nf5 15. Nxh8 Qe8 16. Bh3 Nce7 17. Re1 Qc6 18. Nf7 Qg6 19. Nxd8 1-0

[Event "RLP Seniors op 17th"]
[Site "Neustadt an der Weinstrasse"]
[Date "2019.07.24"]
[Round "5"]
[White "Armbruester, Juergen"]
[Black "Schmidt Hieber, Michael"]
[Result "0-1"]
[WhiteElo "1966"]
[BlackElo "1722"]
[PlyCount "114"]
[EventDate "2019.07.20"]
[EventType "swiss"]
[EventRounds "9"]
[EventCountry "GER"]
[SourceTitle "CBM 192 Extra"]
[Source "Chessbase"]
[SourceDate "2019.11.06"]
[SourceVersion "1"]
[SourceVersionDate "2019.11.06"]
[SourceQuality "1"]

1. e4 d5 2. exd5 Qxd5 3. Nc3 Qa5 4. d4 c6 5. Nf3 h6 6. Be2 Bf5 7. 0-0 Nd7 8. Bf4 e6 9. Re1 Bb4 10. Bd2 Ngf6 11. a3 Bxc3 12. Bxc3 Qc7 13. Bd3 Bxd3 14. Qxd3 0-0 15. Bd2 Rad8 16. Qe2 Rfe8 17. c4 c5 18. Be3 b6 19. Qc2 Ng4 20. Rad1 cxd4 21. Rxd4 Nxe3 22. Rxe3 Nf6 23. Red3 Rxd4 24. Rxd4 Rd8 25. Rxd8+ Qxd8 26. Qd2 Qc7 27. Qd4 b5 28. c5 Nd5 29. g3 f6 30. b4 Qc6 31. Ne1 Kf7 32. Qe4 Ne7 33. Qxc6 Nxc6 34. Nc2 e5 35. Kf1 Ke6 36. Ke2 Kd5 37. Kd3 e4+ 38. Kc3 f5 39. Ne3+ Ke5 40. a4 a6 41. axb5 axb5 42. Nc2 g5 43. Na3 Nd4 44. c6 Nxc6 45. Nxb5 f4 46. Na3 Nxb4 47. gxf4+ Kxf4 48. Kxb4 Kf3 49. Nc2 Kxf2 50. Kc3 e3 51. Kd3 e2 52. Kd2 h5 53. Ne1 g4 54. Nd3+ Kf1 55. Ke3 h4 56. Kf4 g3 57. hxg3 h3 0-1

[Event "RLP Seniors op 17th"]
[Site "Neustadt an der Weinstrasse"]
[Date "2019.07.20"]
[Round "1"]
[White "Loos, Udo"]
[Black "Schmidt Hieber, Michael"]
[Result "1-0"]
[WhiteElo "2017"]
[BlackElo "1722"]
[PlyCount "73"]
[EventDate "2019.07.20"]
[EventType "swiss"]
[EventRounds "9"]
[EventCountry "GER"]
[SourceTitle "CBM 192 Extra"]
[Source "Chessbase"]
[SourceDate "2019.11.06"]
[SourceVersion "1"]
[SourceVersionDate "2019.11.06"]
[SourceQuality "1"]

1. Nf3 d5 2. g3 Bf5 3. Bg2 e6 4. c4 dxc4 5. 0-0 c6 6. a4 a5 7. b3 Nd7 8. bxc4 Ngf6 9. d3 Bb4 10. Bd2 Bxd2 11. Nbxd2 h6 12. Rb1 Qc7 13. Nb3 0-0 14. Qc2 Rfd8 15. Rb2 Rab8 16. Rfb1 c5 17. Qc3 b6 18. Na1 e5 19. e4 Bh7 20. Nc2 g5 21. Ne3 g4 22. Nh4 Nf8 23. h3 gxh3 24. Bxh3 Qd6 25. Nd5 Nxd5 26. cxd5 Ng6 27. Nf5 Qf6 28. Nxh6+ Kh8 29. Nf5 Nf4 30. gxf4 Bxf5 31. exf5 Qh4 32. Qxe5+ f6 33. Qe3 Re8 34. Qf3 Re7 35. Kh2 Rd8 36. Rg1 Red7 37. Rg4 1-0

[Event "Rheinland Pfalz op Seniors 16th"]
[Site "Neustadt an der Weinstrasse"]
[Date "2018.07.15"]
[Round "9"]
[White "Schroeder, Klaus"]
[Black "Schmidt Hieber, Michael"]
[Result "1/2-1/2"]
[WhiteElo "1840"]
[BlackElo "1772"]
[PlyCount "66"]
[EventDate "2018.07.07"]
[EventType "swiss"]
[EventRounds "9"]
[EventCountry "GER"]
[SourceTitle "EXT 2019"]
[Source "ChessBase"]
[SourceDate "2018.10.10"]
[SourceVersion "1"]
[SourceVersionDate "2018.10.10"]
[SourceQuality "1"]

1. d4 Nf6 2. Nf3 e6 3. e3 g6 4. Be2 d5 5. 0-0 c5 6. dxc5 Bxc5 7. c4 0-0 8. Nc3 dxc4 9. Bxc4 Nbd7 10. b3 a6 11. Bb2 b5 12. Be2 Qb6 13. Qc2 Bb7 14. Nd2 Rac8 15. Qd1 Rfd8 16. Kh1 Nd5 17. Nxd5 Bxd5 18. Bf3 Nf8 19. Qe2 Bb4 20. Bd4 Qb8 21. Ne4 Bxe4 22. Bxe4 e5 23. a3 Be7 24. Bb2 Ne6 25. Rac1 Nc5 26. Bc2 f6 27. b4 Nb7 28. Bb3+ Kg7 29. Rxc8 Qxc8 30. Re1 Qd7 31. Rd1 Qc6 32. Rxd8 Nxd8 33. Kg1 Qd6 1/2-1/2